|
|
|
|
| LEADER |
00766nam a22002292a 4500 |
| 001 |
000101301 |
| 003 |
CZ BrMZK |
| 005 |
20140506134829.0 |
| 007 |
ta |
| 008 |
950101s1962 xo f f 000 0 slo d |
| 040 |
|
|
|a BOA001
|b cze
|
| 041 |
0 |
|
|a slo
|b ger
|b rus
|
| 100 |
1 |
|
|a Zorkovský, Vojtech,
|d 1920-2011
|7 mzk2002139834
|4 aut
|
| 245 |
1 |
0 |
|a Geologický sprievodca po Východoslovenskom kraji /
|c Vojtech Zorkovský
|
| 260 |
|
|
|a Košice :
|b Krajské nakladateľstvo všeobecnej literatúry,
|c 1962
|
| 300 |
|
|
|a 186 s.,
|e 2. příl.
|
| 504 |
|
|
|a Obsahuje bibliografii
|
| 546 |
|
|
|a Ruské a německé resumé
|
| 910 |
|
|
|a BOA001
|b 2-0475.002
|
| 990 |
|
|
|a BK
|
| 991 |
|
|
|b 201405
|
| 996 |
7 |
|
|b 2619996195
|c 2-0475.002
|l MZK
|r Sklad / do 24 hodin
|n 1
|w 000101301
|u 000010
|a 1
|e BOA001
|j MZK50
|s A
|